[Event "4NCL 2022-23"]
[Site "Daventry ENG"]
[Date "2022.10.22"]
[Round "1.1"]
[Board "4"]
[White "Robertson, J Stuart"]
[Black "Arkell, Keith C"]
[Result "0-1"]
[BlackTitle "GM"]
[WhiteElo "2160"]
[BlackElo "2392"]
[WhiteTeam "Cambridge University"]
[BlackTeam "Cheddleton"]
[WhiteFideId "417114"]
[BlackFideId "400270"]
[EventDate "2022.10.22"]

1. d4 Nf6 2. c4 e6 3. Nc3 Bb4 4. e3 c5 5. Ne2 cxd4 6. exd4 d5 7. c5 O-O 8. a3
Bxc3+ 9. Nxc3 b6 10. b4 bxc5 11. dxc5 e5 12. Bg5 Be6 13. Bb5 h6 14. Bxf6 gxf6
15. Qh5 Kg7 16. Rd1 d4 17. f4 Nd7 18. f5 Bb3 19. Qg4+ Kh7 20. Rd3 Rg8 21. Qh4
dxc3 22. Bxd7 Rxg2 23. Rh3 Qf8 24. Rxc3 Rd8 25. Rxb3 Rxd7 26. Rg3 Rd1+ 27. Kxd1
Qd8+ 28. Ke1 Qd2+ 29. Kf1 Qe2# 0-1

[Event "4NCL 2022-23"]
[Site "Daventry ENG"]
[Date "2022.10.22"]
[Round "1.2"]
[Board "1"]
[White "Bobras, Piotr"]
[Black "Wall, Gavin"]
[Result "1/2-1/2"]
[WhiteTitle "GM"]
[BlackTitle "IM"]
[WhiteElo "2473"]
[BlackElo "2298"]
[WhiteTeam "Chess.com Manx Liberty"]
[BlackTeam "Gonzaga"]
[WhiteFideId "1106880"]
[BlackFideId "2501244"]
[EventDate "2022.10.22"]

1. e4 e5 2. Nf3 Nc6 3. Bb5 a6 4. Ba4 d6 5. O-O Ne7 6. c3 Ng6 7. d4 Bd7 8. Be3
Be7 9. Nbd2 O-O 10. Re1 Nh4 11. Nxh4 Bxh4 12. Nf3 Bf6 13. h3 Qe7 14. Bc2 g6 15.
Qd2 Bg7 16. b4 Kh8 17. dxe5 Nxe5 18. Nxe5 Qxe5 19. Bd4 Qe7 20. e5 Rfd8 21. exd6
Qxd6 22. Bxg7+ Kxg7 23. Qxd6 cxd6 24. Bb3 Kf8 25. Rad1 Bc6 26. a4 b6 27. Rd4 Rd7
28. f3 Rc8 29. Kf2 Bb7 30. Re3 a5 31. Ke1 Re7 32. Rxe7 Kxe7 33. Kd2 Rc7 34. Rf4
f5 35. h4 Bc8 36. g4 Be6 37. Bc2 fxg4 38. fxg4 d5 39. g5 Kd6 40. Bd3 Ke5 1/2-1/2

[Event "4NCL 2022-23"]
[Site "Daventry ENG"]
[Date "2022.10.22"]
[Round "1.3"]
[Board "7"]
[White "Holland, James P"]
[Black "Ledger, Stephen C"]
[Result "1-0"]
[WhiteElo "2246"]
[BlackElo "1990"]
[WhiteTeam "The Sharks"]
[BlackTeam "Blackthorne"]
[WhiteFideId "416835"]
[BlackFideId "404470"]
[EventDate "2022.10.22"]

1. e4 d5 2. exd5 Qxd5 3. Nc3 Qd6 4. d4 Nf6 5. Bd3 c6 6. Nge2 Bg4 7. f3 Bh5 8.
Bf4 Qd8 9. Qd2 e6 10. Ne4 Nxe4 11. fxe4 Be7 12. O-O-O Nd7 13. Rde1 Nf6 14. Ng3
Bg6 15. Nf5 exf5 16. exf5 O-O 17. fxg6 hxg6 18. Kb1 Nd5 19. Be5 Qb6 20. c3 c5
21. Bc4 Rad8 22. Bb3 Bf6 23. dxc5 Qxc5 24. Qc2 Ne3 25. Rxe3 Qxe3 26. Bxf6 gxf6
27. Qxg6+ Kh8 28. Qxf6+ Kg8 29. Bxf7+ Kh7 30. Bg6+ Kh6 31. Bf7+ Kh7 32. Qg6+ Kh8
33. Bc4 Rd2 34. g4 Rfd8 35. g5 R2d6 36. Qh5+ Kg7 37. Qf7+ Kh8 38. Qh5+ Kg7 39.
Qf7+ Kh8 40. Qf5 Rd1+ 41. Rxd1 Rxd1+ 42. Kc2 Rd2+ 43. Kb3 Qb6+ 44. Ka4 Qc6+ 45.
Bb5 Qd6 46. Qc8+ Kg7 47. Qxb7+ Kg6 48. h4 Qe6 49. Ka3 Qd6+ 50. Kb3 Qe6+ 51. Bc4
Qb6+ 52. Qxb6+ axb6 53. Bb5 Rh2 54. Be8+ Kf5 55. g6 Kf6 56. c4 Rxh4 57. a3 Rh2
58. Bf7 Rg2 59. Kc3 Ke5 60. b3 Rg3+ 61. Kb4 Kd6 62. Ka4 Kc5 63. b4+ Kc6 64. Be8+
Kc7 65. c5 bxc5 66. bxc5 Rg2 67. Kb5 Rb2+ 68. Kc4 Rc2+ 69. Kd5 Re2 70. Bf7 Rg2
71. Ke5 Kc6 1-0

[Event "4NCL 2022-23"]
[Site "Daventry ENG"]
[Date "2022.10.22"]
[Round "1.5"]
[Board "3"]
[White "Pein, Jonathan"]
[Black "Cooper, John G"]
[Result "1/2-1/2"]
[WhiteTitle "FM"]
[BlackTitle "IM"]
[WhiteElo "2301"]
[BlackElo "2250"]
[WhiteTeam "Celtic Tigers"]
[BlackTeam "West is Best"]
[WhiteFideId "417092"]
[BlackFideId "1800027"]
[EventDate "2022.10.22"]

1. e4 c5 2. g3 e6 3. Bg2 d5 4. exd5 exd5 5. d4 cxd4 6. Ne2 Nc6 7. Nxd4 Bc5 8.
Nb3 Qe7+ 9. Qe2 Bb6 10. Nc3 Nb4 11. O-O Qxe2 12. Nxe2 Nxc2 13. Rb1 Nf6 14. Nf4
O-O 15. Nxd5 Nxd5 16. Bxd5 Nb4 17. Bg2 Bf5 18. Ra1 Nc2 19. Rb1 a5 20. Bf4 a4 21.
Nd2 Bd3 22. Bxb7 Ra7 23. Be4 Bxf1 24. Kxf1 Nd4 25. Be3 Rd7 26. Rc1 Ne6 27. Bxb6
Rxd2 28. Rb1 Rb8 29. Ke1 Rd6 30. Be3 Rb4 31. Bc2 Nd4 32. Bd1 Rd8 33. Bd2 Rc4 34.
b3 Nc2+ 35. Ke2 Re4+ 36. Kf3 Red4 37. Bxc2 Rxd2 38. Rc1 a3 39. b4 g6 40. Bb3
R8d3+ 1/2-1/2

[Event "4NCL 2022-23"]
[Site "Daventry ENG"]
[Date "2022.10.22"]
[Round "1.6"]
[Board "5"]
[White "Greet, Andrew N"]
[Black "Yao, Lan"]
[Result "1-0"]
[WhiteTitle "IM"]
[BlackTitle "WIM"]
[WhiteElo "2408"]
[BlackElo "2278"]
[WhiteTeam "Wood Green"]
[BlackTeam "Wood Green Youth"]
[WhiteFideId "405817"]
[BlackFideId "8610835"]
[EventDate "2022.10.22"]

1. d4 Nf6 2. c4 e6 3. g3 d5 4. Nf3 dxc4 5. Qa4+ Nbd7 6. Qxc4 a6 7. Bf4 b5 8.
Qxc7 Qxc7 9. Bxc7 Bb7 10. Ba5 Rc8 11. Nbd2 Nd5 12. Bg2 Rc2 13. Rb1 Bb4 14. Bxb4
Nxb4 15. a3 Nd5 16. Kd1 Rc8 17. e3 Ke7 18. Ke2 N5b6 19. Rhc1 Na4 20. Rxc8 Rxc8
21. Kd3 f5 22. Ne1 Bxg2 23. Nxg2 e5 24. Nb3 exd4 25. exd4 Kd6 26. Ne3 g6 27. Na5
Nf6 28. b3 Rc3+ 29. Ke2 Nb6 30. Nb7+ Kc6 31. Nc5 Ne4 32. Nxa6 Nd5 33. Nb4+ Nxb4
34. axb4 Kd6 35. f3 Ng5 36. d5 f4 37. gxf4 Nh3 38. Kd2 Rc7 39. f5 gxf5 40. Ra1
Nf4 41. Ra8 Rd7 42. Rf8 Nxd5 43. Nxd5 Kxd5 44. Ke3 Ke5 45. f4+ Ke6 46. Rb8 Rd5
47. Rb7 h5 48. Rh7 Rd1 49. Rxh5 Re1+ 50. Kd4 Re4+ 51. Kc5 Rxf4 52. Kxb5 Re4 53.
Rh8 f4 54. Kc5 Re3 55. b5 Rxb3 56. b6 Kd7 57. Rf8 f3 58. h4 Ke7 59. Rf4 Kd7 60.
h5 Rc3+ 61. Kb5 Rb3+ 62. Ka6 Kc6 63. Rf6+ Kc5 64. Kb7 Rd3 65. Kc7 Re3 66. b7
Re7+ 67. Kc8 Re8+ 68. Kd7 Rh8 69. Rxf3 Rh7+ 70. Kc8 Rh8+ 71. Kc7 Rh7+ 72. Kb8
Rxh5 73. Ka8 Kc6 74. b8=Q Ra5+ 75. Qa7 1-0

[Event "4NCL 2022-23"]
[Site "Daventry ENG"]
[Date "2022.10.23"]
[Round "2.1"]
[Board "1"]
[White "Willow, Jonah B"]
[Black "Fodor, Tamas Jr."]
[Result "1-0"]
[WhiteTitle "IM"]
[BlackTitle "GM"]
[WhiteElo "2468"]
[BlackElo "2495"]
[WhiteTeam "Wood Green Youth"]
[BlackTeam "Cheddleton"]
[WhiteFideId "438804"]
[BlackFideId "723762"]
[EventDate "2022.10.22"]

1. e4 e6 2. d4 d5 3. Nc3 Bb4 4. Ne2 Nf6 5. e5 Nfd7 6. f4 b6 7. a3 Be7 8. g3 c5
9. Bg2 Nc6 10. Be3 Ba6 11. f5 Bg5 12. Qd2 Bxe3 13. Qxe3 Rc8 14. O-O-O Bxe2 15.
Nxe2 Qc7 16. c3 cxd4 17. Nxd4 Nxd4 18. Rxd4 O-O 19. Re1 exf5 20. Bxd5 Nc5 21.
Kb1 Rfe8 22. g4 fxg4 23. Rxg4 Qd7 24. Rxg7+ Kxg7 25. Rg1+ Kf8 26. Qh6+ Ke7 27.
Qf6+ Kf8 28. Bxf7 1-0

[Event "4NCL 2022-23"]
[Site "Daventry ENG"]
[Date "2022.10.23"]
[Round "2.2"]
[Board "7"]
[White "Chan, Nevil"]
[Black "Kolbus, Dietmar"]
[Result "0-1"]
[BlackTitle "IM"]
[WhiteElo "1990"]
[BlackElo "2276"]
[WhiteTeam "Cambridge University"]
[BlackTeam "Chess.com Manx Liberty"]
[WhiteFideId "416738"]
[BlackFideId "4610628"]
[EventDate "2022.10.22"]

1. d4 d5 2. Nc3 c5 3. e4 dxe4 4. d5 Nf6 5. Bg5 Bf5 6. Nge2 Nbd7 7. Ng3 Bg6 8. h4
h6 9. Bxf6 gxf6 10. Ngxe4 Bxe4 11. Nxe4 f5 12. Ng3 Qb6 13. Be2 Qxb2 14. O-O Qf6
15. Qd3 f4 16. Ne4 Qe5 17. Bg4 e6 18. dxe6 fxe6 19. Rfe1 O-O-O 20. Nc3 Qd4 21.
Bxe6 Qxd3 22. cxd3 Be7 23. Nd5 Bxh4 24. Nxf4 Bf6 25. Rac1 b6 26. Nd5 Bd4 27.
Ne7+ Kc7 28. Nf5 Nb8 29. Nxd4 Rxd4 30. Bf5 Nc6 31. Re3 Rf8 32. Be4 Rf6 33. Kf1
Ra4 34. Bxc6 Kxc6 35. Rc2 Kd5 36. Ke2 h5 37. f3 Re6 38. Rxe6 Kxe6 39. Ke3 Kd5
40. g3 Ke6 41. Rb2 Kf6 42. Ke2 h4 43. gxh4 Rxh4 44. Ke3 Ra4 45. Rc2 Kf5 46. Rb2
Ra3 47. Rc2 Ke5 48. Ke2 Kd4 49. Rc4+ Kd5 50. Rc2 b5 51. Rb2 a6 52. Rd2 Kd4 53.
f4 Rc3 54. Ke1 Ke3 55. f5 Rc1+ 56. Rd1 Rc2 57. f6 Rh2 0-1

[Event "4NCL 2022-23"]
[Site "Daventry ENG"]
[Date "2022.10.23"]
[Round "2.3"]
[Board "1"]
[White "Delaney, Killian"]
[Black "Rendle, Thomas E"]
[Result "1/2-1/2"]
[WhiteTitle "FM"]
[BlackTitle "IM"]
[WhiteElo "2294"]
[BlackElo "2375"]
[WhiteTeam "Gonzaga"]
[BlackTeam "The Sharks"]
[WhiteFideId "2501570"]
[BlackFideId "408760"]
[EventDate "2022.10.22"]

1. e4 e6 2. d4 d5 3. Nc3 Bb4 4. e5 c5 5. a3 Bxc3+ 6. bxc3 Ne7 7. Qg4 Qc7 8. Qxg7
Rg8 9. Qxh7 cxd4 10. Ne2 Nbc6 11. f4 dxc3 12. h4 Bd7 13. h5 O-O-O 14. Qd3 d4 15.
h6 Rg6 16. h7 Rh8 17. Nxd4 Nxd4 18. Qxd4 Bc6 19. Rh2 Rg7 20. Bd3 Nf5 21. Bxf5
exf5 22. Qxa7 b6 23. Qxc7+ Kxc7 24. Kf2 Rhxh7 25. Rxh7 Rxh7 26. Be3 Rg7 27. Rg1
Be4 28. Bd4 Rg6 29. g3 Rh6 30. Ke2 Rc6 31. Rc1 Rc4 32. Ke3 Kc6 33. g4 Kd5 34.
Bxb6 fxg4 35. Rd1+ Kc6 36. Bd4 Bxc2 37. Rc1 Kd5 38. Rxc2 Rxd4 39. Rxc3 Re4+ 40.
Kf2 Rxf4+ 41. Kg3 Ra4 42. Rc7 Ke6 43. Rb7 Rxa3+ 44. Kxg4 Ra4+ 45. Kf3 1/2-1/2

[Event "4NCL 2022-23"]
[Site "Daventry ENG"]
[Date "2022.10.23"]
[Round "2.5"]
[Board "2"]
[White "Gallana, Marco"]
[Black "Wall, Tim P"]
[Result "1-0"]
[BlackTitle "FM"]
[WhiteElo "2296"]
[BlackElo "2205"]
[WhiteTeam "Celtic Tigers"]
[BlackTeam "Chessable White Rose 2"]
[WhiteFideId "824542"]
[BlackFideId "401641"]
[EventDate "2022.10.22"]

1. c4 e5 2. Nc3 Bb4 3. Nd5 Bc5 4. e3 c6 5. d4 Bf8 6. Nc3 d6 7. Nf3 Nd7 8. Be2
Ngf6 9. Qc2 Be7 10. b3 O-O 11. Bb2 Re8 12. O-O Bf8 13. Rfd1 e4 14. Nd2 Qe7 15.
Ba3 g6 16. b4 a6 17. Qb3 Bg7 18. Rac1 h5 19. b5 c5 20. dxc5 Nxc5 21. Bxc5 dxc5
22. Nd5 Nxd5 23. cxd5 axb5 24. Bxb5 Rd8 25. Be2 Bf5 26. Nc4 Qg5 27. Rd2 Rab8 28.
a4 h4 29. Bf1 Bg4 30. a5 Rxd5 31. a6 Rxd2 32. Nxd2 Qe7 33. a7 Ra8 34. Qb6 h3 35.
g3 Qd8 36. Qxb7 Rxa7 37. Qxa7 Qxd2 38. Qxc5 Kh7 39. Qc2 Qd5 40. Rb1 Bf8 41. Qc4
Qf5 42. Rb7 Kg7 43. Qc3+ Qf6 44. Qxf6+ Kxf6 45. Bc4 Be7 46. Bd5 Bf3 47. Ra7 g5
48. Ra4 Ke5 49. Bxf7 g4 50. Ra6 Bd6 51. Ra8 Kf6 52. Bd5 Ke5 53. Bb7 Kf6 54. Rg8
Kf7 55. Bd5+ Kf6 56. Re8 Be7 57. Bc4 Bb4 58. Rb8 Bd6 59. Rb2 Be5 60. Rc2 Kf5 61.
Be2 Bd6 62. Kf1 Bb4 63. Bxf3 gxf3 64. Rc4 Bd6 65. Rc8 Be5 66. Re8 Kg4 67. Re7
Kf5 1-0

[Event "4NCL 2022-23"]
[Site "Daventry ENG"]
[Date "2022.10.23"]
[Round "2.5"]
[Board "6"]
[White "Duessler, Stefanie"]
[Black "Townsend, M Paul"]
[Result "0-1"]
[WhiteElo "2080"]
[BlackElo "2217"]
[WhiteTeam "Celtic Tigers"]
[BlackTeam "Chessable White Rose 2"]
[WhiteFideId "4634780"]
[BlackFideId "402320"]
[EventDate "2022.10.22"]

1. e4 e6 2. d4 d5 3. Nd2 c5 4. Ngf3 Nc6 5. exd5 exd5 6. Bb5 Bd6 7. dxc5 Bxc5 8.
Nb3 Bd6 9. O-O Ne7 10. Re1 O-O 11. Bg5 Bg4 12. c3 Re8 13. Qd3 a6 14. Bxc6 bxc6
15. h3 Bh5 16. Nbd4 Qc7 17. Re3 Bg6 18. Qf1 c5 19. Nb3 f6 20. Bh4 Be4 21. Nbd2
Nf5 22. Ree1 g5 23. Bxg5 fxg5 24. Nxe4 dxe4 25. Qc4+ Kg7 26. Nxg5 e3 27. Ne6+
Rxe6 28. Qxe6 exf2+ 29. Kxf2 Bg3+ 30. Ke2 Bxe1 31. Rxe1 Rf8 32. Kd1 Qd6+ 33.
Qxd6 Nxd6 34. Re7+ Rf7 35. Re6 Rf6 36. Re7+ Rf7 37. Re6 Rf6 38. Re7+ Kg6 39. Rc7
Ne4 40. Ke2 Rf7 41. Rc6+ Rf6 42. Rc7 h5 43. Ke3 Re6 44. Kd3 h4 45. Kc4 Rd6 46.
Re7 Kf5 47. Rh7 Kg5 48. Re7 Kf5 49. Rh7 Rg6 50. Rxh4 Rxg2 51. Rh5+ Kf4 52. Rh6
Rxb2 53. Rxa6 Rc2 54. Ra3 Rh2 55. Kd5 Rxh3 56. Ra4 Rd3+ 57. Kc6 Rxc3 58. Ra8 Ke3
59. a4 Ra3 60. a5 c4 61. Kb5 c3 62. Kb4 c2 63. Rc8 Rc3 0-1

[Event "4NCL 2022-23"]
[Site "Daventry ENG"]
[Date "2022.10.23"]
[Round "2.6"]
[Board "1"]
[White "Rudd, Jack"]
[Black "Speelman, Jon S"]
[Result "0-1"]
[WhiteTitle "IM"]
[BlackTitle "GM"]
[WhiteElo "2294"]
[BlackElo "2487"]
[WhiteTeam "West is Best"]
[BlackTeam "Wood Green"]
[WhiteFideId "405736"]
[BlackFideId "400033"]
[EventDate "2022.10.22"]

1. d4 Nf6 2. c4 e6 3. Nc3 Bb4 4. f3 c5 5. d5 exd5 6. cxd5 d6 7. e4 O-O 8. Bd3 a6
9. Ne2 Nbd7 10. O-O b5 11. a4 c4 12. Bc2 Bc5+ 13. Nd4 b4 14. Ne2 Ne5 15. b3 cxb3
16. Bxb3 a5 17. Kh1 Ba6 18. Ra2 Bxd4 19. Qxd4 Rc8 20. Bg5 h6 21. Bh4 Ng6 22. Bg3
Nh5 23. Re1 Bxe2 24. Raxe2 Nxg3+ 25. hxg3 Qg5 26. Kh2 Rc3 27. Re3 Rfc8 28. Bd1
Rxe3 29. Rxe3 Qe5 30. Qxe5 Nxe5 31. f4 Nc4 32. Re2 Kf8 33. Bb3 Nb6 34. e5 Ke7
35. Rd2 Rc3 36. Bd1 Nc4 37. Rd4 Ne3 38. Bf3 b3 39. Rd2 Nc4 40. Rd4 b2 41. Be4
Na3 42. Rd1 Rc1 43. Rd2 b1=Q 44. Bxb1 Rxb1 0-1

[Event "4NCL 2022-23"]
[Site "Daventry ENG"]
[Date "2022.10.23"]
[Round "2.6"]
[Board "4"]
[White "Fitzsimons, David"]
[Black "Redmond, John P."]
[Result "1-0"]
[WhiteTitle "IM"]
[WhiteElo "2319"]
[BlackElo "2193"]
[WhiteTeam "Wood Green"]
[BlackTeam "West is Best"]
[WhiteFideId "2501961"]
[BlackFideId "2500051"]
[EventDate "2022.10.22"]

1. e4 e6 2. d4 d5 3. Nc3 Bb4 4. Ne2 dxe4 5. a3 Bxc3+ 6. Nxc3 Nc6 7. d5 exd5 8.
Qxd5 Be6 9. Qxe4 Nf6 10. Qa4 Qd4 11. Bb5 Qxa4 12. Bxa4 O-O 13. Bf4 Nd5 14. Nxd5
Bxd5 15. f3 Rfe8+ 16. Kf2 Re7 17. Rhe1 Be6 18. Rad1 h6 19. h4 Kf8 20. Rd3 Rd8
21. Rxd8+ Nxd8 22. Rd1 Nc6 23. Bxc6 bxc6 24. Be3 Rd7 25. Rxd7 Bxd7 26. Bxa7 Bf5
27. c3 Ke8 28. h5 Bc2 29. Bd4 f6 30. Be3 Bb3 31. Bf4 Kd7 32. Ke3 Bf7 33. g4 Bb3
34. Kf2 Bc2 35. Be3 Ke6 36. Bd4 Bd1 37. Kg3 Kf7 38. b4 Bc2 39. Kf4 Bd1 40. Kg3
Bc2 41. Kh4 Bd1 42. f4 Bc2 43. g5 fxg5+ 44. fxg5 hxg5+ 45. Kxg5 Bd1 46. Be5 Bb3
47. Bxc7 Bd1 48. Bb6 Bc2 49. Bc5 Bd1 50. Kf5 Bxh5 51. Ke5 Bd1 52. Kd6 Ba4 53.
Be3 Kf6 54. Bd4+ Kf7 55. c4 g5 56. Be5 Ke8 57. Kc7 g4 58. Bg3 Ke7 59. Kb7 Kd7
60. Bf4 Kd8 61. Bc7+ Kd7 62. Bg3 Kd8 63. Bh4+ Kd7 64. b5 cxb5 65. c5 Bc2 66. c6+
Kd6 67. Kb6 Kd5 68. c7 Bf5 69. Kxb5 Kd6 70. Kb6 Bc8 71. Bg3+ 1-0

[Event "4NCL 2022-23"]
[Site "Daventry ENG"]
[Date "2023.01.14"]
[Round "3.2"]
[Board "5"]
[White "Csonka, Balazs"]
[Black "O'Donnell, Conor"]
[Result "1/2-1/2"]
[WhiteTitle "IM"]
[BlackTitle "FM"]
[WhiteElo "2496"]
[BlackElo "2293"]
[WhiteTeam "Chess.com Manx Liberty"]
[BlackTeam "Wood Green Youth"]
[WhiteFideId "742910"]
[BlackFideId "2504243"]
[EventDate "2022.10.22"]

1. e4 c6 2. d4 d5 3. e5 Bf5 4. h4 h5 5. Bd3 Bxd3 6. Qxd3 Qa5+ 7. Nd2 e6 8. Nf3
Nh6 9. O-O Nf5 10. Nb3 Qa6 11. Qd1 b6 12. Bg5 c5 13. dxc5 Bxc5 14. Re1 Nc6 15.
Nxc5 bxc5 16. c3 Rb8 17. b3 Qb6 18. Nd2 Rb7 19. Qf3 a5 20. Rad1 Rd7 21. Qf4 Qc7
22. Nf3 Qb7 23. Rd2 d4 24. Qe4 1/2-1/2

[Event "4NCL 2022-23"]
[Site "Daventry ENG"]
[Date "2023.01.14"]
[Round "3.2"]
[Board "6"]
[White "Yao, Lan"]
[Black "Bobras, Piotr"]
[Result "1/2-1/2"]
[WhiteTitle "WIM"]
[BlackTitle "GM"]
[WhiteElo "2278"]
[BlackElo "2473"]
[WhiteTeam "Wood Green Youth"]
[BlackTeam "Chess.com Manx Liberty"]
[WhiteFideId "8610835"]
[BlackFideId "1106880"]
[EventDate "2022.10.22"]

1. e4 c5 2. Nf3 Nc6 3. Bb5 g6 4. O-O Bg7 5. Re1 Nf6 6. Bxc6 dxc6 7. d3 Bg4 8. h3
Bxf3 9. Qxf3 Nd7 10. Qe2 Nf8 11. f4 c4 12. Nc3 cxd3 13. cxd3 Ne6 14. Be3 Bd4 15.
Qf2 Qb6 16. Rac1 Rd8 17. f5 Bxe3 18. Rxe3 Nd4 19. Na4 Qc7 20. Nc3 Qe5 21. Ne2
Nxe2+ 22. Qxe2 O-O 23. Rf1 Rd4 24. Ref3 f6 25. fxg6 hxg6 26. Re3 Kf7 27. Qg4
Rfd8 28. Rff3 Rh8 29. Rg3 g5 30. Ref3 Rh4 31. Qxg5 Qxg5 32. Rxg5 Rxd3 33. Rxd3
fxg5 34. Rd7 b5 35. Rxa7 Rxe4 36. Kf2 Rc4 37. Kf3 Kf6 38. b3 Rc2 39. g3 c5 40.
Kg4 c4 41. bxc4 Rxc4+ 42. Kf3 Rc3+ 43. Kg4 Rc4+ 44. Kf3 Rc3+ 1/2-1/2

[Event "4NCL 2022-23"]
[Site "Daventry ENG"]
[Date "2023.01.14"]
[Round "3.4"]
[Board "4"]
[White "Venkatesan, Kavin"]
[Black "Adair, James R"]
[Result "1/2-1/2"]
[BlackTitle "IM"]
[WhiteElo "2155"]
[BlackElo "2442"]
[WhiteTeam "Gonzaga"]
[BlackTeam "Chessable White Rose 1"]
[WhiteFideId "2512602"]
[BlackFideId "406252"]
[EventDate "2022.10.22"]

1. d4 Nf6 2. c4 e6 3. Nc3 Bb4 4. f3 c5 5. d5 d6 6. e4 b5 7. a3 Ba5 8. Bd3 O-O 9.
Ne2 bxc4 10. Bxc4 Ba6 11. Bxa6 Nxa6 12. Bg5 exd5 13. exd5 c4 14. Qd4 Re8 15.
Qxc4 Bxc3+ 16. bxc3 Qb6 17. Bxf6 gxf6 18. Rd1 Rac8 19. Qd4 Qxd4 20. cxd4 Rc3 21.
Kd2 Rxa3 22. Ra1 Rb3 23. Rhb1 Rb4 1/2-1/2

[Event "4NCL 2022-23"]
[Site "Daventry ENG"]
[Date "2023.01.14"]
[Round "3.5"]
[Board "1"]
[White "Reimanis, Ritvars"]
[Black "Ansell, Simon T"]
[Result "0-1"]
[WhiteTitle "IM"]
[BlackTitle "IM"]
[WhiteElo "2359"]
[BlackElo "2345"]
[WhiteTeam "Celtic Tigers"]
[BlackTeam "Blackthorne"]
[WhiteFideId "11602988"]
[BlackFideId "402141"]
[EventDate "2022.10.22"]

1. d4 d5 2. c4 c6 3. e3 Bf5 4. Nf3 e6 5. Nc3 Nd7 6. Bd2 h6 7. Be2 Ngf6 8. O-O
Bd6 9. Qb3 Rb8 10. Be1 O-O 11. Nd2 Qe7 12. Bf3 b5 13. cxd5 cxd5 14. Be2 a6 15.
f3 Rfc8 16. a3 e5 17. Qd1 exd4 18. exd4 Nb6 19. Bf2 Nc4 20. Nxc4 bxc4 21. Qd2
Qb7 22. Ra2 Re8 23. Bd1 Bd3 24. Re1 Rxe1+ 25. Bxe1 g5 26. g3 Qd7 27. Bc2 Bxc2
28. Qxc2 g4 29. fxg4 Qxg4 30. Bf2 h5 31. Kg2 Bc7 32. h3 Qg6 33. Qe2 Rb3 34. Ra1
Bxg3 35. Rg1 h4 36. Bxg3 hxg3 37. Rf1 Kg7 38. Rf3 Ne4 39. Nxe4 Qxe4 40. Qxe4
Rxb2+ 41. Kg1 dxe4 42. Rxg3+ Kf6 43. Rc3 Kf5 44. d5 Ke5 45. Rxc4 Kxd5 46. Ra4 e3
47. Kf1 f5 48. h4 Ke5 49. Rxa6 Ke4 50. Ke1 0-1

[Event "4NCL 2022-23"]
[Site "Daventry ENG"]
[Date "2023.01.14"]
[Round "3.5"]
[Board "5"]
[White "Gallana, Marco"]
[Black "Duncan, Chris R"]
[Result "1-0"]
[BlackTitle "FM"]
[WhiteElo "2296"]
[BlackElo "2170"]
[WhiteTeam "Celtic Tigers"]
[BlackTeam "Blackthorne"]
[WhiteFideId "824542"]
[BlackFideId "403091"]
[EventDate "2022.10.22"]

1. d4 d5 2. c4 c6 3. Nc3 dxc4 4. e3 b5 5. a4 b4 6. Ne4 Qd5 7. Nd2 Ba6 8. Ngf3
Nf6 9. Qc2 c3 10. bxc3 Bxf1 11. Kxf1 bxc3 12. Qxc3 e6 13. Ba3 Nbd7 14. Bxf8 Kxf8
15. Ke2 Ke7 16. Qa3+ c5 17. Rac1 Rhc8 18. Rhd1 Qd6 19. dxc5 Rxc5 20. Nc4 Qa6 21.
Ke1 Rc8 22. Nd6 R8c6 23. Nb5 Ke8 24. Rxc5 Rxc5 25. Qxc5 Nxc5 26. Nc7+ Ke7 27.
Nxa6 Nxa6 28. Ne5 Nb4 29. Rb1 a5 30. Nc4 Nd3+ 31. Kf1 Nc5 32. Rb5 Nxa4 33. Rxa5
Nc3 34. Ra7+ 1-0

[Event "4NCL 2022-23"]
[Site "Daventry ENG"]
[Date "2023.01.15"]
[Round "4.2"]
[Board "4"]
[White "Turner, Matthew J"]
[Black "Redmond, John P."]
[Result "1-0"]
[WhiteTitle "GM"]
[WhiteElo "2441"]
[BlackElo "2193"]
[WhiteTeam "Chess.com Manx Liberty"]
[BlackTeam "West is Best"]
[WhiteFideId "402893"]
[BlackFideId "2500051"]
[EventDate "2022.10.22"]

1. d4 e6 2. Nf3 d5 3. g3 Nf6 4. Bg2 b5 5. Bg5 Be7 6. O-O O-O 7. Nbd2 Nbd7 8. Re1
Bb7 9. a4 b4 10. c4 bxc3 11. bxc3 Rc8 12. c4 c5 13. Rc1 h6 14. Bxf6 Bxf6 15.
cxd5 Bxd5 16. e4 Ba8 17. e5 Be7 18. Ne4 cxd4 19. Qxd4 Nc5 20. Nd6 Bxd6 21. exd6
Nb3 22. Rxc8 Nxd4 23. Rxd8 Nxf3+ 24. Bxf3 Rxd8 25. Bxa8 Rxa8 26. Rc1 Rd8 27. Rc6
f5 28. f4 Kf7 29. Kf2 Kf6 30. Ke3 e5 31. d7+ Ke7 32. fxe5 Rxd7 33. Kf4 Rd4+ 34.
Kxf5 Rxa4 35. Rc7+ Kf8 36. h4 Ra6 37. e6 Ra3 38. g4 Rf3+ 39. Ke4 Ra3 40. Rf7+
Kg8 41. Rf1 Ra2 42. Kd3 Ra3+ 1-0

[Event "4NCL 2022-23"]
[Site "Daventry ENG"]
[Date "2023.01.15"]
[Round "4.2"]
[Board "7"]
[White "Khoury, Theo"]
[Black "Kolbus, Dietmar"]
[Result "1/2-1/2"]
[BlackTitle "IM"]
[WhiteElo "2020"]
[BlackElo "2276"]
[WhiteTeam "West is Best"]
[BlackTeam "Chess.com Manx Liberty"]
[WhiteFideId "480703"]
[BlackFideId "4610628"]
[EventDate "2022.10.22"]

1. e4 c5 2. c3 e5 3. Nf3 Nc6 4. Bc4 Bd6 5. d4 cxd4 6. cxd4 Nxd4 7. Nxd4 exd4 8.
Qxd4 Qf6 9. Qxf6 Nxf6 10. Nc3 a6 11. Bg5 Be5 12. O-O-O b5 13. Bb3 Bb7 14. Bxf6
Bxf6 15. Bxf7+ Ke7 16. Bd5 Bc6 17. f4 Bxc3 18. bxc3 Rac8 19. Kb2 Rc7 20. Bxc6
Rxc6 21. Rd5 d6 22. Rhd1 Rhc8 23. R1d3 R8c7 24. a3 Rc4 25. R5d4 R4c6 26. g4 h6
27. h4 Rb6 28. g5 hxg5 29. hxg5 Rc5 30. Rd5 Rbc6 31. Rxc5 Rxc5 32. Kb3 Rc8 33.
f5 Rc4 34. f6+ gxf6 35. gxf6+ Ke6 36. f7 Kxf7 37. Rxd6 Rxe4 38. Rxa6 Ke7 39. Rb6
Kd7 40. Rxb5 Kc6 41. Rb4 Re5 42. a4 Rh5 43. Rb8 Rh1 44. Rb5 Rb1+ 45. Kc4 Ra1 46.
Rb4 Ra3 47. Kd3 Ra2 48. Kd4 Ra1 49. c4 Ra3 50. c5 Ra1 51. Rb6+ Kc7 52. Ra6 Rd1+
53. Kc4 Rc1+ 54. Kb5 Rb1+ 55. Ka5 Rc1 56. Kb4 Rb1+ 57. Ka3 Rc1 58. Ra5 Kc6 59.
Kb4 Rb1+ 60. Kc4 Rc1+ 61. Kd4 Rd1+ 62. Ke3 Rd5 63. Ra6+ Kxc5 64. Ra5+ Kc6 65.
Rxd5 Kxd5 66. a5 Kc5 67. a6 Kb6 68. a7 Kxa7 1/2-1/2

[Event "4NCL 2022-23"]
[Site "Daventry ENG"]
[Date "2023.01.15"]
[Round "4.3"]
[Board "5"]
[White "Willow, Jonah B"]
[Black "Rendle, Thomas E"]
[Result "1-0"]
[WhiteTitle "IM"]
[BlackTitle "IM"]
[WhiteElo "2468"]
[BlackElo "2375"]
[WhiteTeam "Wood Green Youth"]
[BlackTeam "The Sharks"]
[WhiteFideId "438804"]
[BlackFideId "408760"]
[EventDate "2022.10.22"]

1. e4 e6 2. d4 d5 3. Nc3 Bb4 4. Ne2 dxe4 5. a3 Bxc3+ 6. Nxc3 Nc6 7. Bb5 Ne7 8.
Be3 O-O 9. Qd2 f5 10. O-O-O Qd6 11. Bxc6 Qxc6 12. h4 Nd5 13. Nxd5 Qxd5 14. Bf4
e5 15. Bxe5 f4 16. b3 Bg4 17. Rde1 Rad8 18. c4 Qd7 19. Rxe4 b5 20. c5 Be6 21.
Rxf4 a5 22. Rf3 a4 23. Rg3 Rf7 24. Qh6 Bf5 25. h5 axb3 26. Rh4 b4 27. a4 Qe7 28.
Rf4 Rxd4 29. Rxd4 Qxc5+ 30. Kd2 Qc2+ 31. Ke1 Qb1+ 32. Rd1 Qe4+ 33. Qe3 1-0